Total quality management in the public sector : An international perspective

Bibliographic Details
Main Author: Morgan, Colin
Other Authors: Murgatoyd, Stephen
Format: Book
Published: Philadelphia : Open University Press , 1994
Subjects:

MARC

LEADER 00000cam a2200000 7i4500
001 0000002863
005 20050625.0
020 |a 0335191029 
040 |a INS 
090 0 0 |a JF1525.T67   |b M67 1994 
100 1 |a Morgan, Colin 
245 1 0 |a Total quality management in the public sector :   |b An international perspective   |c Colin Morgan 
260 |a Philadelphia :   |b Open University Press ,   |c 1994 
300 |a 212p ;   |c 23 cm. 
650 0 0 |a Total quality management 
650 0 0 |a Total quality management in government 
700 1 |a Murgatoyd, Stephen 
999 |a 0000005762   |b BOOK   |c Open Shelf   |e Default branch